Catalogue des ostraca figurés de Deir el Médineh /

محفوظ في:

المؤلف الرئيسي: Vandier d'Abbadie, J. (مؤلف)

مؤلفون آخرون: Gasse, Annie

التنسيق: كتاب

اللغة: French

منشور في: Le Caire : Impr. de l'Institut français d'archéologie orientale, 1936-<1986>

سلاسل: Documents de fouilles publiés par les membres de l'Institut français d'archéologie orientale du Caire ; v.2/1-4, 23.
DIFAO ; v.2/1-4, 23.

الموضوعات:

الوسوم: إضافة وسم

لا توجد وسوم, كن أول من يضع وسما على هذه التسجيلة!

رقم الطلب: ( F )DT57 .C181 v.2/1-4, 23

LEADER 02144nam a22004451 4500
001 9114
003 OSt
005 20240211104457.0
008 920320m19369999ua a c 00010 fre
952 |0 0  |1 0  |2 lcc  |3 V.2/1  |4 0  |7 1  |9 2236  |a ARCE  |b ARCE  |d 2020-05-17  |l 0  |o ( F )DT57 .C181 v.2/1-4, 23  |p 1020564  |r 2020-05-17 00:00:00  |w 2020-05-17  |y BK 
952 |0 0  |1 0  |2 lcc  |3 V.2/2  |4 0  |7 1  |9 61435  |a ARCE  |b ARCE  |d 2024-02-08  |l 0  |o ( F )DT57 .C181 v.2/1-4, 23  |p 1020565  |r 2024-02-08 00:00:00  |w 2024-02-08  |y BK 
952 |0 0  |1 0  |2 lcc  |3 V.2/3-4  |4 0  |7 1  |9 61436  |a ARCE  |b ARCE  |d 2024-02-08  |l 0  |o ( F )DT57 .C181 v.2/1-4, 23  |p 1020566  |r 2024-02-08 00:00:00  |w 2024-02-08  |y BK 
952 |0 0  |1 0  |2 lcc  |3 V.23  |4 0  |7 1  |9 61603  |a ARCE  |b ARCE  |d 2024-02-11  |l 0  |o ( F )DT57 .C181 v.2/1-4, 23  |p 1016977  |r 2024-02-11 00:00:00  |w 2024-02-11  |y BK 
999 |c 4358  |d 4358 
010 |a 68004913 
020 |a 2724700317 (set) 
035 |a ocm13599204 
040 |c ARCE Library 
043 |a f-ua--- 
050 4 |a ( F )DT57 .C181 v.2/1-4, 23 
100 1 |a Vandier d'Abbadie, J.  |q (Jeanne),  |e author 
245 1 0 |a Catalogue des ostraca figurés de Deir el Médineh /  |c [par] J. Vandier d'Abbadie. 
264 1 |a Le Caire :  |b Impr. de l'Institut français d'archéologie orientale,  |c 1936-<1986> 
300 |a volume <1, 4-5> :  |b Illustrations ;  |c 33 cm. 
336 |2 rdacontent  |a text  |b txt 
337 |2 rdamedia  |a unmediated  |b n 
338 |2 rdacarrier  |a volume  |b n 
490 0 |a Documents de fouilles publiés par les membres de l'Institut français d'archéologie orientale du Caire ;  |v v.2/1-4, 23. 
490 0 |a DIFAO ;   |v v.2/1-4, 23. 
500 |a At head of title : Ministère de l'éducation nationale. 
500 |a Volume 1 has cover title. 
500 |a Volume 5 has statement of responsibility : Annie Gasse. 
500 |a Volumes 4-<5> have imprint : Institut français d'archéologie orientale. 
505 1 |a 1. fasc. Nos 2001 à 2255. -- 4. fasc. Nos 2734 à 3053.-- 5. fasc. Nos 3100-3372. 
650 0 |a Ostraka  |v Catalogs. 
651 0 |a Deir el-Medina Site (Egypt)  |v Catalogs. 
700 1 |a Gasse, Annie,  |9 30512 
901 |a reviewed 
907 |a .b24434334  |b 02-04-08  |c 01-30-08 
942 |c BK  |2 lcc